Binhairāsau. (Record no. 73074)
[ view plain ]
| 000 -LEADER | |
|---|---|
| fixed length control field | 00887cam a22002891 4500 |
| 001 - CONTROL NUMBER | |
| control field | sa 67002149 |
| 003 - CONTROL NUMBER IDENTIFIER | |
| control field | DLC |
| 005 - DATE AND TIME OF LATEST TRANSACTION | |
| control field | 20260227112328.0 |
| 008 - FIXED-LENGTH DATA ELEMENTS--GENERAL INFORMATION | |
| fixed length control field | 890714s1966 ii b 000 0 inco |
| 010 ## - LIBRARY OF CONGRESS CONTROL NUMBER | |
| LC control number | sa 67002149 |
| 035 ## - SYSTEM CONTROL NUMBER | |
| System control number | (OCoLC)20011656 |
| 040 ## - CATALOGING SOURCE | |
| Original cataloging agency | DLC |
| Transcribing agency | WaU |
| Modifying agency | DLC |
| 041 0# - LANGUAGE CODE | |
| Language code of text/sound track or separate title | inchin |
| 042 ## - AUTHENTICATION CODE | |
| Authentication code | premarc |
| 043 ## - GEOGRAPHIC AREA CODE | |
| Geographic area code | a-ii--- |
| 050 00 - LIBRARY OF CONGRESS CALL NUMBER | |
| Classification number | PK2479.M3 |
| Item number | B5 |
| 100 0# - MAIN ENTRY--PERSONAL NAME | |
| Personal name | Mahesadāsa Rāva, |
| Dates associated with a name | active 1644-1698. |
| 245 10 - TITLE STATEMENT | |
| Title | Binhairāsau. |
| 260 ## - PUBLICATION, DISTRIBUTION, ETC. | |
| Date of publication, distribution, etc. | 1966. |
| 300 ## - PHYSICAL DESCRIPTION | |
| Extent | 4, 60, 270 p. |
| Dimensions | 24 cm. |
| 490 1# - SERIES STATEMENT | |
| Series statement | Rajasthan Oriental Research Institute, Jodhpur, India. Rajasthan puratana granthamala ; |
| Volume/sequential designation | 83 |
| 500 ## - GENERAL NOTE | |
| General note | In Dingal ; introd. and commentary in Hindi. |
| 504 ## - BIBLIOGRAPHY, ETC. NOTE | |
| Bibliography, etc. note | Bibliography: p. [268]-270. |
| 651 #0 - SUBJECT ADDED ENTRY--GEOGRAPHIC NAME | |
| Geographic name | Rajasthan (India) |
| General subdivision | History |
| Form subdivision | Poetry. |
| 700 1# - ADDED ENTRY--PERSONAL NAME | |
| Personal name | Śekhāvata, Saubhāgya-siṃha. |
| 830 #0 - SERIES ADDED ENTRY--UNIFORM TITLE | |
| Uniform title | Rājasthāna puratana granthamālā ; |
| Volume/sequential designation | 83. |
No items available.